Statistics for Portland Trail Blazers NBA Champions

Click here to take the quiz!

General Stats

  • This quiz has been taken 23 times
  • The average score is 4 of 12

Answer Stats

TitlesPlayer% Correct
1Bill Walton
100%
1Maurice Lucas
52%
1Lionel Hollins
43%
1Robin Jones
33%
1Bob Gross
29%
1Dave Twardzik
24%
1Johnny Davis
24%
1Larry Steele
19%
1Lloyd Neal
19%
1Wally Walker
10%
1Corky Calhoun
0%
1Herm Gilliam
0%

Score Distribution

Percentile by Number Answered

Percent of People with Each Score

Your Score History

You have not taken this quiz